MARC

LEADER 00000nas a2200000 a 4500
001 ssj0001150
003 WaSeSS
005 20200512172242.0
006 m d
007 cr n
008 050614c19849999njumn p s 0 a0eng c
010 |a  2012200620 
016 7 |a I15085000  |2 DNLM 
022 |a 2169-0340  |y 8755-6286 
035 |a (WaSeSS)ssj0001150 
037 |b Information Today, Learned Information, Inc., 143 Old Marlton Pike, Medford, NJ 08055 
040 |a OCLCS  |b eng  |c OCLCS  |d BUF  |d AAA  |d OCLCQ  |d CUD  |d EMI  |d AUD  |d CO3  |d OCLCQ  |d B3G  |d OCLCQ  |d DLC  |d OCLCQ  |d COO  |d OCLCO  |d VT2  |d OCLCQ  |d OCLCO  |d OCLCF  |d OCLCO  |d OCLCQ  |d U3W  |d OCLCO  |d UUM  |d OCLCO  |d O2C  |d TOF  |d OCLCO  |d AU@  |d OCLCO  |d WYU  |d OCLCO  |d OCLCA  |d COD  |d OCLCO  |d OCLCA  |d WaSeSS 
042 |a pcc  |a nsdp 
050 4 |a QA76  |b .I43 
082 1 0 |a 001  |2 14 
210 0 |a Inf. today  |b (Online) 
222 0 |a Information today  |b (Online) 
245 0 0 |a Information today  |h [electronic resource]. 
260 |a Medford, NJ :  |b Learned Information 
310 |a Nine times a year (combined issues Jan./Feb., July/Aug. and Nov./Dec.),  |b 2018- 
321 |a Frequency varies,  |b 1984-2017 
362 1 |a Print began with v. 1, issue 1 (Jan. 1984). 
500 |a "The newsmagazine for users and producers of digital information services" -- Cover. 
506 |a License restrictions may limit access. 
515 |a Vol. 1, issue 1 preceded by: Vol. 0, issue 0 (Nov. 1983), called also Premiere issue. 
521 8 |a The newspaper for users and producers of electronic information services. 
588 |a Description based on print version record. 
588 |a Latest issue consulted: Vol. 36, issue 5 (June 2019) (EBSCO, viewed June 20, 2019). 
650 0 |a Information networks  |v Periodicals. 
650 0 |a Information storage and retrieval systems  |v Periodicals. 
650 0 |a Database industry  |v Periodicals. 
650 7 |a Database industry.  |2 fast  |0 (OCoLC)fst00888035 
650 7 |a Information networks.  |2 fast  |0 (OCoLC)fst00972570 
650 7 |a Information storage and retrieval systems.  |2 fast  |0 (OCoLC)fst00972781 
650 2 |a Electronic Data Processing. 
650 2 |a Computers. 
655 0 |a Electronic journals. 
776 0 8 |i Print version:  |t Information today  |x 8755-6286  |w (DLC)sn 84011116  |w (OCoLC)10142299 
780 0 5 |t Link-up (Online)  |g 2002 
856 4 0 |z Full text available from Research Library: 10/01/1987 to present  |u https://search.proquest.com/publication/36110